Numerical Linear Algebra
Saved in:
| Main Authors: | , |
|---|---|
| Format: | Bog |
| Sprog: | engelsk |
| Udgivet: |
New York, USA:
Springer,
2008.
|
| Serier: | Texts in Applied Mathematics,
|
| Fag: | |
| Tags: |
Tilføj Tag
Ingen Tags, Vær først til at tagge denne postø!
|
MARC
| LEADER | 00000cam a2200000 a 4500 | ||
|---|---|---|---|
| 001 | UCD4830 | ||
| 003 | CL-VaPUC | ||
| 005 | 20230714082809.0 | ||
| 008 | 160722e20080000us |||||||||||||||||eng|d | ||
| 999 | |c 365659 |d 365657 | ||
| 020 | |a 9780387341590 | ||
| 040 | |c Pontificia Universidad Católica de Valparaíso | ||
| 082 | 0 | 4 | |a 512.5 ALL 2008 |2 21 |
| 100 | 0 | |a Allaire, Grégoire |e author |9 588553 | |
| 245 | 1 | 0 | |a Numerical Linear Algebra |
| 260 | |a New York, USA: |b Springer, |c 2008. | ||
| 300 | |a 271 páginas. | ||
| 490 | 0 | |a Texts in Applied Mathematics, |n 55. | |
| 583 | |a last modification |c 20160722 23:21:00 |k Rodrigo Vera | ||
| 650 | 0 | |a Algebra numérica |2 CL-VaPUC |9 427784 | |
| 650 | 0 | |a Álgebra lineal |9 260445 | |
| 650 | 0 | |a Series numéricas |2 CL-VaPUC |9 423265 | |
| 700 | 0 | |a Kaber, Sidi Mahmoud |e author |9 588554 | |
| 942 | |c BK |2 ddc | ||
| 945 | |d 20160722 23:21:00 |a dcastane | ||
| 952 | |0 0 |1 0 |2 ddc |3 erd |4 0 |6 512_500000000000000_ALL_2008 |7 0 |8 A |9 479562 |a BIBMAT |b BIBMAT |i 5299128 |l 4 |o 512.5 ALL 2008 |p 5299128 |q 2025-07-31 |r 2025-03-10 |s 2025-03-10 |w 2019-11-24 |y BK |z Catalogado en:20160722 |k MAT | ||